00650 2200229 4500001002100000005001700021008004100038020002200079035002400101082001100125090002100136245007500157250001100232260002700243300002800270650003800298700002600336850001600362980001400378985000600392999002200398YOGYA-0209000004649620090227031226.0 ind  a978-979-29-0094-1 0010-020900000046496 a006.69 a006.69bRahlDEP aRAHASIA para profesional photoshop CS.3 ; editor, Renati Winong Rosari aCet. 1 aYogyakartabAndic2007 ax, 158 hlmbilusc21 cm aPhotoshop CS.3 (Program komputer) aRosari, Renati Winong aYOPDYOG (M) a24-9-2007 a1 aCB-D.11 2007-376h